| 000 | 00784nam a22002412 4500 | ||
|---|---|---|---|
| 001 | 0000019492 | ||
| 005 | 20151217145916.0 | ||
| 008 | 101221s xx 000 0 eng d | ||
| 020 | _a0421799803 : | ||
| 040 |
_aKABU _cKABU |
||
| 100 | 1 |
_aJacob, Robin. _@0000179216 |
|
| 245 | 1 | 2 |
_aA Guidebook to intellectual property / _cRobin Jacob, Daniel Alexander, Lindsay Lane. |
| 250 | _a5th ed. | ||
| 260 |
_aLondon : _bSweet and Maxwell., _c2004. |
||
| 300 | _axxii, 261 p. | ||
| 650 | 0 |
_aIntellectual property _zGreat Britain. _@0000158680 |
|
| 650 | 0 |
_aCopyright _zGreat Britain. _@0000156586 |
|
| 700 | 1 |
_aAlexander, Daniel. _@0000179217 |
|
| 700 | 1 |
_aLane, Lindsay. _@0000179218 |
|
| 852 | 1 | _9p2860 KES | |
| 908 | _a101221 | ||
| 950 | _@1 | ||
| 999 |
_c3954 _d3954 |
||